000 00317nam a2200121Ia 4500
005 20251222144925.0
008 251222s9999||||xx |||||||||||||| ||spa||
082 _a378.104/L36
100 _aLedesma, A.Ecker, F.
245 0 _a¿Solamente un Viaje?:
264 _bAsociación Solidaridad Perú Alemania
942 _cLIB
999 _c22851
_d22851